[Event "MPJBiS 2020"]
[Site "?"]
[Date "2020.08.30"]
[Round "8.9"]
[White "Rosa, Antoni"]
[Black "Zielonka, Adam"]
[Result "1-0"]
[BlackElo "1438"]
[WhiteElo "1445"]
[LiveChessVersion "1.4.8"]

1. c4 {[%clk 0:03:02]} e5 {[%clk 0:03:01]} 2. Nc3 {[%clk 0:03:03]} Nc6
{[%clk 0:03:03]} 3. g3 {[%clk 0:03:04]} g6 {[%clk 0:03:03]} 4. Bg2
{[%clk 0:03:05]} Bg7 {[%clk 0:03:04]} 5. b3 {[%clk 0:03:06]} Nge7
{[%clk 0:03:03]} 6. Bb2 {[%clk 0:03:07]} O-O {[%clk 0:03:03]} 7. e3
{[%clk 0:03:07]} d6 {[%clk 0:03:00]} 8. Nge2 {[%clk 0:03:08]} f5 {[%clk 0:02:58]}
9. Nd5 Nxd5 {[%clk 0:02:43]} 10. Bxd5+ {[%clk 0:03:03]} Kh8 {[%clk 0:02:44]} 11.
d4 {[%clk 0:02:55]} Ne7 {[%clk 0:02:35]} 12. dxe5 {[%clk 0:02:18]} dxe5
{[%clk 0:02:32]} 13. Bg2 {[%clk 0:02:12]} c6 {[%clk 0:02:20]} 14. O-O
{[%clk 0:02:12]} Be6 {[%clk 0:02:20]} 15. f4 {[%clk 0:02:07]} e4 {[%clk 0:02:20]}
16. Nd4 {[%clk 0:01:54]} Bf7 {[%clk 0:02:16]} 17. Qc2 {[%clk 0:01:51]} Qc7
{[%clk 0:02:09]} 18. Rad1 {[%clk 0:01:42]} Rad8 {[%clk 0:01:55]} 19. Qc3
{[%clk 0:01:17]} c5 {[%clk 0:01:38]} 20. Ne6 {[%clk 0:01:17]} Bxc3
{[%clk 0:01:38]} 21. Bxc3+ {[%clk 0:01:15]} Kg8 {[%clk 0:01:31]} 22. Nxc7
{[%clk 0:01:15]} Nc6 {[%clk 0:01:05]} 23. Nd5 {[%clk 0:01:02]} Bxd5
{[%clk 0:00:52]} 24. Rxd5 {[%clk 0:00:52]} Rxd5 {[%clk 0:00:52]} 25. cxd5
{[%clk 0:00:53]} Ne7 {[%clk 0:00:52]} 26. Rd1 {[%clk 0:00:53]} Rd8
{[%clk 0:00:53]} 27. d6 {[%clk 0:00:50]} Nc6 {[%clk 0:00:50]} 28. Bf1
{[%clk 0:00:51]} Kf8 {[%clk 0:00:50]} 29. Bb5 {[%clk 0:00:46]} a6
{[%clk 0:00:47]} 30. Bxc6 {[%clk 0:00:44]} bxc6 {[%clk 0:00:48]} 31. Ba5
{[%clk 0:00:45]} Rd7 {[%clk 0:00:49]} 32. Bc7 {[%clk 0:00:45]} Kf7
{[%clk 0:00:45]} 33. Rc1 {[%clk 0:00:45]} 1-0

[Event "MPJBiS 2020"]
[Site "?"]
[Date "2020.08.30"]
[Round "8.10"]
[White "Karp, Kacper"]
[Black "Rekuc, Patryk"]
[Result "1-0"]
[BlackElo "1545"]
[WhiteElo "1292"]
[LiveChessVersion "1.4.8"]

1. e4 {[%clk 0:03:02]} c6 {[%clk 0:03:02]} 2. d4 {[%clk 0:03:02]} d5
{[%clk 0:03:03]} 3. Nc3 {[%clk 0:03:02]} dxe4 {[%clk 0:03:01]} 4. Nxe4
{[%clk 0:03:03]} Bf5 {[%clk 0:03:02]} 5. Ng3 {[%clk 0:03:03]} Bg6
{[%clk 0:03:03]} 6. h4 {[%clk 0:03:03]} h6 {[%clk 0:03:04]} 7. Nf3
{[%clk 0:03:03]} Nf6 {[%clk 0:03:03]} 8. h5 {[%clk 0:03:03]} Bh7 {[%clk 0:03:04]}
9. Bd3 {[%clk 0:03:03]} Bxd3 {[%clk 0:03:02]} 10. Qxd3 {[%clk 0:03:04]} e6
{[%clk 0:03:03]} 11. Bd2 {[%clk 0:02:55]} Bd6 {[%clk 0:03:03]} 12. Ne4
{[%clk 0:02:42]} Nxe4 {[%clk 0:03:03]} 13. Qxe4 {[%clk 0:02:41]} Nd7
{[%clk 0:03:01]} 14. O-O-O {[%clk 0:02:39]} a5 {[%clk 0:02:55]} 15. Ne5
{[%clk 0:02:04]} a4 {[%clk 0:02:28]} 16. f4 {[%clk 0:01:19]} Bxe5
{[%clk 0:02:13]} 17. dxe5 {[%clk 0:01:08]} Qe7 {[%clk 0:02:01]} 18. Rhe1
{[%clk 0:00:36]} a3 {[%clk 0:01:57]} 19. b3 {[%clk 0:00:37]} Nb6 20. Bb4 Qc7
{[%clk 0:01:41]} 21. Bd6 {[%clk 0:00:36]} Qc8 {[%clk 0:01:34]} 22. g4
{[%clk 0:00:24]} Nd5 23. Qf3 b5 {[%clk 0:01:22]} 24. f5 {[%clk 0:00:20]} b4
{[%clk 0:01:19]} 25. fxe6 {[%clk 0:00:06]} Nc3 {[%clk 0:01:19]} 26. Qxf7+
{[%clk 0:00:05]} Kd8 {[%clk 0:01:20]} 27. Qe7# {[%clk 0:00:06]} 1-0

[Event "MPJBiS 2020"]
[Site "?"]
[Date "2020.08.30"]
[Round "8.11"]
[White "Skrzypinski, Jan"]
[Black "Sniadecki, Oskar"]
[Result "1-0"]
[BlackElo "1423"]
[WhiteElo "1540"]
[LiveChessVersion "1.4.8"]

1. e4 {[%clk 0:03:03]} e6 {[%clk 0:03:03]} 2. Qe2 {[%clk 0:03:04]} b6
{[%clk 0:03:01]} 3. Nf3 {[%clk 0:03:03]} Bb7 {[%clk 0:03:02]} 4. g3
{[%clk 0:03:04]} Nf6 {[%clk 0:03:01]} 5. d3 {[%clk 0:03:03]} d6 {[%clk 0:02:49]}
6. Bg2 {[%clk 0:03:01]} Nbd7 {[%clk 0:02:50]} 7. Be3 {[%clk 0:02:52]} Be7
{[%clk 0:02:50]} 8. O-O {[%clk 0:02:50]} O-O {[%clk 0:02:50]} 9. c4
{[%clk 0:02:51]} c5 {[%clk 0:02:45]} 10. Nc3 {[%clk 0:02:49]} h6 {[%clk 0:02:42]}
11. Nh4 {[%clk 0:02:30]} e5 {[%clk 0:02:32]} 12. Nf5 {[%clk 0:02:26]} Kh7
{[%clk 0:02:15]} 13. Nb5 {[%clk 0:01:57]} Nb8 {[%clk 0:02:12]} 14. f4
{[%clk 0:01:40]} Nc6 {[%clk 0:02:06]} 15. fxe5 {[%clk 0:01:35]} dxe5
{[%clk 0:02:07]} 16. Nc3 {[%clk 0:01:29]} Nd4 {[%clk 0:02:06]} 17. Bxd4
{[%clk 0:01:27]} cxd4 {[%clk 0:01:56]} 18. Nd5 {[%clk 0:01:27]} Nxd5
{[%clk 0:01:51]} 19. exd5 {[%clk 0:01:27]} Bf6 {[%clk 0:01:42]} 20. Be4
{[%clk 0:01:12]} g6 {[%clk 0:01:28]} 21. Qf3 {[%clk 0:00:33]} Bc8
{[%clk 0:00:52]} 22. Nxh6 {[%clk 0:00:26]} Kxh6 {[%clk 0:00:37]} 23. Qxf6
{[%clk 0:00:25]} Qxf6 {[%clk 0:00:38]} 24. Rxf6 {[%clk 0:00:26]} Kg7
{[%clk 0:00:39]} 25. Rf2 {[%clk 0:00:23]} f5 {[%clk 0:00:39]} 26. Bg2
{[%clk 0:00:22]} Bd7 {[%clk 0:00:37]} 27. b3 {[%clk 0:00:19]} Rae8
{[%clk 0:00:38]} 28. Re1 {[%clk 0:00:20]} Re7 {[%clk 0:00:32]} 29. Rfe2
{[%clk 0:00:21]} Rfe8 {[%clk 0:00:33]} 30. d6 {[%clk 0:00:22]} Re6
{[%clk 0:00:33]} 31. Bd5 {[%clk 0:00:21]} Rxd6 {[%clk 0:00:33]} 32. Rxe5
{[%clk 0:00:22]} Rxe5 {[%clk 0:00:25]} 33. Rxe5 {[%clk 0:00:23]} Kf6
{[%clk 0:00:25]} 34. Re1 {[%clk 0:00:23]} Rxd5 {[%clk 0:00:03]} 35. cxd5
{[%clk 0:00:24]} Bb5 {[%clk 0:00:04]} 36. Rd1 {[%clk 0:00:25]} Ke5
{[%clk 0:00:06]} 37. h3 {[%clk 0:00:22]} Kxd5 {[%clk 0:00:07]} 38. Kf2
{[%clk 0:00:23]} Kc5 {[%clk 0:00:08]} 39. a3 {[%clk 0:00:24]} a5 {[%clk 0:00:09]}
40. g4 {[%clk 0:00:16]} fxg4 {[%clk 0:00:10]} 41. hxg4 {[%clk 0:00:18]} g5
{[%clk 0:00:11]} 42. Ke2 {[%clk 0:00:15]} Kd5 {[%clk 0:00:13]} 43. Rf1
{[%clk 0:00:16]} Ke6 {[%clk 0:00:13]} 44. Rf5 {[%clk 0:00:17]} Bc6
{[%clk 0:00:07]} 45. Rxg5 {[%clk 0:00:18]} Bd5 {[%clk 0:00:06]} 46. Rg6+
{[%clk 0:00:18]} Kf7 {[%clk 0:00:06]} 47. Rxb6 {[%clk 0:00:20]} Bg2
{[%clk 0:00:04]} 48. Rb5 {[%clk 0:00:19]} Bh3 {[%clk 0:00:04]} 49. Kf3
{[%clk 0:00:18]} Bf1 {[%clk 0:00:05]} 50. Ke4 {[%clk 0:00:19]} Bh3
{[%clk 0:00:05]} 51. g5 {[%clk 0:00:20]} Be6 {[%clk 0:00:04]} 52. Kxd4
{[%clk 0:00:21]} Kg7 {[%clk 0:00:04]} 53. Rxa5 {[%clk 0:00:22]} Bxb3
{[%clk 0:00:04]} 54. Ke5 {[%clk 0:00:23]} Ba2 {[%clk 0:00:05]} 55. Kf5
{[%clk 0:00:24]} Bb1 {[%clk 0:00:06]} 56. Ra7+ {[%clk 0:00:25]} Kg8
{[%clk 0:00:07]} 57. Kf6 {[%clk 0:00:26]} Bxd3 {[%clk 0:00:07]} 58. Ra8+
{[%clk 0:00:27]} Kh7 {[%clk 0:00:08]} 59. a4 {[%clk 0:00:28]} Bc4
{[%clk 0:00:07]} 60. g6+ {[%clk 0:00:27]} Kh6 {[%clk 0:00:08]} 61. Rh8# 1-0

[Event "MPJBiS 2020"]
[Site "?"]
[Date "2020.08.30"]
[Round "9.1"]
[White "Musial, Igor"]
[Black "Raczek, Krzysztof"]
[Result "1-0"]
[BlackElo "1720"]
[WhiteElo "1758"]
[LiveChessVersion "1.4.8"]

1. e4 c6 2. d4 d5 3. e5 Bf5 4. h4 h5 5. Bd3 Bxd3 6. Qxd3 e6 7. Bg5 Be7 8. Nf3 Nd7
9. Nbd2 Nh6 10. Bxh6 Rxh6 11. Qe3 Rg6 12. g3 c5 13. c3 Qb6 14. O-O-O Rc8 15. Kb1
c4 16. Ng5 Ba3 17. b3 cxb3 18. axb3 Qc7 19. c4 dxc4 20. Nxc4 Be7 21. Rc1 Qb8 22.
Qf3 f5 23. Qxh5 Nf8 24. Nxe6 Kf7 25. Ng5+ Bxg5 26. hxg5 Rd8 27. Nd6+ Rdxd6 28.
exd6 Qxd6 29. Qe2 Qb6 30. Qc4+ Ke8 31. Qc8+ Ke7 32. Qc7+ Nd7 33. Qxb6 Rxb6 34.
Kb2 Rd6 35. Rhe1+ Kd8 36. Rcd1 g6 37. d5 Nc5 38. Rh1 Rb6 39. Rh8+ Kd7 40. Rh7+
Kd6 41. Rh6 Ke5 42. d6 Rxb3+ 43. Kc2 Ra3 44. d7 Nxd7 45. Rxd7 Ra2+ 46. Kb1 Rxf2
47. Rxb7 Rg2 48. Rxg6 Rxg3 49. Rxa7 f4 50. Ra5+ Ke4 51. Re6+ Kf3 52. Rf5 Kg4 53.
Ref6 Rg1+ 54. Kc2 Rg2+ 55. Kd1 f3 56. Rxf3 Kxg5 57. R3f5+ Kg4 58. Rg6+ 1-0

[Event "MPJBiS 2020"]
[Site "?"]
[Date "2020.08.30"]
[Round "9.2"]
[White "Seemann, Jakub"]
[Black "Warchol, Kamil"]
[Result "1-0"]
[BlackElo "1690"]
[WhiteElo "1811"]
[LiveChessVersion "1.4.8"]

1. d4 {[%clk 0:03:02]} d5 {[%clk 0:03:04]} 2. Nf3 {[%clk 0:03:03]} e6
{[%clk 0:03:04]} 3. g3 {[%clk 0:03:03]} Nf6 {[%clk 0:03:02]} 4. Bg2
{[%clk 0:03:04]} Be7 {[%clk 0:03:03]} 5. O-O {[%clk 0:03:03]} O-O
{[%clk 0:03:04]} 6. c4 {[%clk 0:03:05]} c6 {[%clk 0:03:04]} 7. Qc2
{[%clk 0:03:03]} Nbd7 {[%clk 0:03:00]} 8. Nbd2 {[%clk 0:03:04]} b6
{[%clk 0:02:59]} 9. e4 {[%clk 0:03:04]} dxe4 {[%clk 0:02:56]} 10. Ng5
{[%clk 0:03:03]} h6 {[%clk 0:02:48]} 11. Ngxe4 {[%clk 0:03:03]} Bb7
{[%clk 0:02:49]} 12. c5 {[%clk 0:02:58]} Nd5 {[%clk 0:02:35]} 13. Nb3
{[%clk 0:02:43]} a5 {[%clk 0:02:26]} 14. cxb6 Qxb6 15. Rd1 {[%clk 0:02:10]} Rac8
{[%clk 0:02:22]} 16. Nbc5 {[%clk 0:02:10]} Nxc5 {[%clk 0:02:12]} 17. Nxc5
{[%clk 0:02:01]} Bxc5 {[%clk 0:02:05]} 18. dxc5 {[%clk 0:02:00]} Qc7
{[%clk 0:02:06]} 19. b3 {[%clk 0:01:51]} Nb4 {[%clk 0:01:51]} 20. Qc3
{[%clk 0:01:43]} Nd5 {[%clk 0:01:51]} 21. Qd4 {[%clk 0:01:31]} Rfd8
{[%clk 0:01:42]} 22. Bb2 {[%clk 0:01:33]} Nf6 {[%clk 0:01:43]} 23. Qh4
{[%clk 0:01:27]} Qe7 {[%clk 0:01:39]} 24. Be5 {[%clk 0:00:57]} Qxc5
{[%clk 0:01:08]} 25. Bxf6 {[%clk 0:00:56]} gxf6 {[%clk 0:01:10]} 26. Qxf6
{[%clk 0:00:54]} Qg5 {[%clk 0:01:10]} 27. Qc3 {[%clk 0:00:47]} Ba8
{[%clk 0:00:47]} 28. h4 {[%clk 0:00:46]} Qe7 {[%clk 0:00:35]} 29. Qxa5
{[%clk 0:00:41]} Rxd1+ {[%clk 0:00:36]} 30. Rxd1 {[%clk 0:00:40]} Rb8
{[%clk 0:00:35]} 31. Qe5 {[%clk 0:00:38]} Rb5 {[%clk 0:00:32]} 32. Qe3
{[%clk 0:00:29]} Kh7 {[%clk 0:00:25]} 33. Rd4 {[%clk 0:00:25]} Qc5 34. Be4+
{[%clk 0:00:16]} f5 {[%clk 0:00:24]} 35. Rd7+ {[%clk 0:00:16]} Kg6
{[%clk 0:00:23]} 36. h5+ {[%clk 0:00:09]} Kxh5 {[%clk 0:00:15]} 37. Bf3+
{[%clk 0:00:10]} Kg6 {[%clk 0:00:16]} 38. Qxe6+ {[%clk 0:00:11]} Kg5
{[%clk 0:00:12]} 39. Rg7# {[%clk 0:00:12]} 1-0

[Event "MPJBiS 2020"]
[Site "?"]
[Date "2020.08.30"]
[Round "9.3"]
[White "Wierzbicki, Dawid"]
[Black "Rosa, Antoni"]
[Result "1-0"]
[BlackElo "1445"]
[WhiteElo "1550"]
[LiveChessVersion "1.4.8"]

1. e4 {[%clk 0:03:03]} e6 {[%clk 0:03:03]} 2. d4 {[%clk 0:03:04]} d5
{[%clk 0:03:04]} 3. e5 {[%clk 0:03:04]} c5 {[%clk 0:03:05]} 4. c3
{[%clk 0:03:04]} Nc6 {[%clk 0:03:06]} 5. Be2 {[%clk 0:03:04]} cxd4
{[%clk 0:03:03]} 6. cxd4 {[%clk 0:03:04]} Bb4+ {[%clk 0:03:03]} 7. Nc3
{[%clk 0:03:03]} Nge7 {[%clk 0:03:00]} 8. Nf3 {[%clk 0:02:54]} Bd7
{[%clk 0:02:56]} 9. Bd2 {[%clk 0:02:50]} Bxc3 {[%clk 0:02:53]} 10. Bxc3
{[%clk 0:02:50]} Rc8 {[%clk 0:02:51]} 11. Bd3 {[%clk 0:02:45]} Na5
{[%clk 0:02:49]} 12. O-O {[%clk 0:02:43]} Nc4 {[%clk 0:02:33]} 13. Rc1
{[%clk 0:02:37]} O-O {[%clk 0:02:07]} 14. Bxh7+ {[%clk 0:02:25]} Kh8
{[%clk 0:02:03]} 15. Bd3 {[%clk 0:02:25]} Ng6 {[%clk 0:01:53]} 16. Bxg6
{[%clk 0:02:21]} fxg6 {[%clk 0:01:54]} 17. Qd3 {[%clk 0:02:21]} Rf5
{[%clk 0:01:39]} 18. b3 {[%clk 0:02:13]} Na3 {[%clk 0:01:30]} 19. Rfd1
{[%clk 0:01:56]} Qe7 {[%clk 0:01:08]} 20. Bb2 {[%clk 0:01:31]} Rcf8
{[%clk 0:00:48]} 21. Rc5 {[%clk 0:01:23]} Nb5 {[%clk 0:00:21]} 22. a4
{[%clk 0:01:14]} b6 {[%clk 0:00:17]} 23. Rcc1 {[%clk 0:01:10]} Na3
{[%clk 0:00:09]} 24. Ra1 {[%clk 0:01:10]} Rxf3 {[%clk 0:00:07]} 25. gxf3
{[%clk 0:01:05]} Qg5+ {[%clk 0:00:08]} 26. Kh1 {[%clk 0:01:05]} Qh5
{[%clk 0:00:09]} 27. Rg1 {[%clk 0:00:57]} Rxf3 {[%clk 0:00:06]} 28. Qxg6
{[%clk 0:00:52]} Qxg6 {[%clk 0:00:06]} 29. Rxg6 {[%clk 0:00:53]} Nc2
{[%clk 0:00:05]} 30. Rc1 {[%clk 0:00:52]} Rxf2 {[%clk 0:00:05]} 31. Rg2
{[%clk 0:00:49]} Rxg2 {[%clk 0:00:05]} 32. Kxg2 {[%clk 0:00:50]} Ne3+
{[%clk 0:00:06]} 33. Kf3 {[%clk 0:00:51]} Nf5 {[%clk 0:00:07]} 34. Rc7
{[%clk 0:00:52]} Be8 {[%clk 0:00:08]} 35. Rxa7 {[%clk 0:00:52]} Bh5+
{[%clk 0:00:09]} 36. Kf2 {[%clk 0:00:52]} g5 {[%clk 0:00:10]} 37. Rb7
{[%clk 0:00:51]} g4 {[%clk 0:00:10]} 38. Rxb6 {[%clk 0:00:52]} Nh4
{[%clk 0:00:11]} 39. a5 {[%clk 0:00:51]} Nf3 {[%clk 0:00:10]} 40. a6
{[%clk 0:00:50]} Nd2 {[%clk 0:00:09]} 41. a7 {[%clk 0:00:48]} Ne4+
{[%clk 0:00:10]} 42. Ke1 {[%clk 0:00:47]} g3 {[%clk 0:00:10]} 43. a8=Q+
{[%clk 0:00:47]} Kh7 {[%clk 0:00:11]} 44. Qb7+ {[%clk 0:00:46]} Kg8
{[%clk 0:00:12]} 45. Qc8+ {[%clk 0:00:46]} Kf7 {[%clk 0:00:12]} 46. Qxe6+
{[%clk 0:00:47]} Kg7 {[%clk 0:00:13]} 47. Rb7+ {[%clk 0:00:47]} Kf8
{[%clk 0:00:14]} 48. Qe7+ {[%clk 0:00:47]} Kg8 {[%clk 0:00:15]} 49. Qd8+
{[%clk 0:00:48]} Be8 {[%clk 0:00:15]} 50. Qxe8# {[%clk 0:00:48]} 1-0

[Event "MPJBiS 2020"]
[Site "?"]
[Date "2020.08.30"]
[Round "9.4"]
[White "Bochniak, Franciszek"]
[Black "Zieba, Hubert"]
[Result "1-0"]
[BlackElo "1466"]
[WhiteElo "1485"]
[LiveChessVersion "1.4.8"]

1. d4 {[%clk 0:03:03]} Nf6 {[%clk 0:03:02]} 2. c4 {[%clk 0:03:04]} c5
{[%clk 0:03:03]} 3. Nf3 {[%clk 0:03:05]} g6 {[%clk 0:03:03]} 4. Nc3
{[%clk 0:03:05]} Bg7 {[%clk 0:03:03]} 5. Bf4 {[%clk 0:03:04]} d6 {[%clk 0:03:03]}
6. e3 {[%clk 0:03:02]} O-O {[%clk 0:03:01]} 7. Bg3 {[%clk 0:03:02]} Nc6
{[%clk 0:02:56]} 8. Be2 {[%clk 0:02:53]} cxd4 {[%clk 0:02:57]} 9. exd4
{[%clk 0:02:54]} b6 {[%clk 0:02:43]} 10. O-O {[%clk 0:02:43]} Bb7
{[%clk 0:02:43]} 11. Rc1 {[%clk 0:02:38]} Qd7 {[%clk 0:02:38]} 12. Re1
{[%clk 0:02:17]} Rac8 {[%clk 0:02:24]} 13. d5 {[%clk 0:02:06]} Nb8
{[%clk 0:02:14]} 14. Bf1 {[%clk 0:01:54]} Rfe8 {[%clk 0:02:12]} 15. Qd2
{[%clk 0:01:29]} Qd8 {[%clk 0:01:59]} 16. Bd3 {[%clk 0:01:03]} Nbd7
{[%clk 0:01:52]} 17. b3 {[%clk 0:01:02]} Ng4 {[%clk 0:01:43]} 18. h3
{[%clk 0:01:00]} Nge5 {[%clk 0:01:38]} 19. Nxe5 {[%clk 0:01:00]} Nxe5
{[%clk 0:01:39]} 20. Bxe5 {[%clk 0:01:01]} Bxe5 {[%clk 0:01:40]} 21. Ne4
{[%clk 0:00:58]} Bg7 {[%clk 0:01:37]} 22. Qf4 {[%clk 0:00:55]} Rf8
{[%clk 0:01:24]} 23. Qg3 {[%clk 0:00:49]} Qd7 {[%clk 0:01:19]} 24. Ng5
{[%clk 0:00:46]} h6 {[%clk 0:01:09]} 25. Nf3 {[%clk 0:00:46]} Rce8
{[%clk 0:00:59]} 26. Qh4 {[%clk 0:00:43]} Rc8 {[%clk 0:00:52]} 27. Rxe7
{[%clk 0:00:44]} Qd8 {[%clk 0:00:49]} 28. Rxb7 {[%clk 0:00:44]} Qxh4
{[%clk 0:00:48]} 29. Nxh4 {[%clk 0:00:45]} g5 {[%clk 0:00:49]} 30. Nf5
{[%clk 0:00:46]} Rb8 {[%clk 0:00:49]} 31. Rxb8 {[%clk 0:00:44]} Rxb8
{[%clk 0:00:49]} 32. Nxd6 {[%clk 0:00:37]} Rd8 {[%clk 0:00:47]} 33. Nf5
{[%clk 0:00:38]} Bf6 {[%clk 0:00:45]} 34. Nxh6+ {[%clk 0:00:36]} Kf8
{[%clk 0:00:44]} 35. Re1 {[%clk 0:00:36]} 1-0

[Event "MPJBiS 2020"]
[Site "?"]
[Date "2020.08.30"]
[Round "9.5"]
[White "Bartoszczuk, Adam"]
[Black "Dobosiewicz, Dawid"]
[Result "0-1"]
[BlackElo "1469"]
[WhiteElo "1223"]
[LiveChessVersion "1.4.8"]

1. e4 c5 2. Nf3 e6 3. d4 cxd4 4. Nxd4 Nc6 5. Nc3 Qc7 6. Be2 a6 7. O-O Nf6 8. f4
Nxd4 9. Qxd4 Bc5 10. Qxc5 Qxc5+ 11. Kh1 b5 12. e5 Nd5 13. Bf3 Bb7 14. Nxd5 Bxd5
15. Be2 Bc4 16. Bxc4 bxc4 17. Bd2 O-O 18. a3 Rab8 19. Bb4 Qe3 20. Bxf8 Kxf8 21.
Rad1 Ke8 22. Rd6 Rxb2 23. Rfd1 Rb7 24. Rxa6 Qxf4 25. Rad6 Qxe5 26. h3 Ke7 27.
R6d4 d5 28. c3 Qe3 29. Rg4 g6 30. Rf1 Qxc3 31. Rgf4 f5 32. R4f3 Qd4 33. Re1 0-1

[Event "MPJBiS 2020"]
[Site "?"]
[Date "2020.08.30"]
[Round "9.6"]
[White "Nawalaniec, Adam"]
[Black "Pawlowski, Kamil"]
[Result "1-0"]
[BlackElo "1177"]
[WhiteElo "1444"]
[LiveChessVersion "1.4.8"]

1. e4 e5 {[%clk 0:03:03]} 2. Nf3 {[%clk 0:03:05]} Nc6 {[%clk 0:03:05]} 3. d4
{[%clk 0:03:06]} exd4 {[%clk 0:03:05]} 4. Bc4 {[%clk 0:03:07]} Nf6
{[%clk 0:03:06]} 5. e5 {[%clk 0:03:01]} d5 {[%clk 0:03:07]} 6. exf6
{[%clk 0:02:58]} dxc4 {[%clk 0:03:03]} 7. O-O {[%clk 0:02:50]} Be6
{[%clk 0:03:02]} 8. Re1 {[%clk 0:02:50]} h6 {[%clk 0:02:33]} 9. fxg7
{[%clk 0:02:23]} Bxg7 {[%clk 0:02:31]} 10. Bf4 {[%clk 0:02:19]} Qd7
{[%clk 0:02:11]} 11. Na3 {[%clk 0:01:54]} O-O-O {[%clk 0:01:59]} 12. Nb5
{[%clk 0:01:55]} Ne5 {[%clk 0:00:39]} 13. Bxe5 {[%clk 0:01:18]} Bxe5
{[%clk 0:00:33]} 14. Rxe5 {[%clk 0:01:19]} f6 {[%clk 0:00:27]} 15. Rc5
{[%clk 0:01:19]} c6 {[%clk 0:00:19]} 16. Nbxd4 {[%clk 0:01:19]} Bg4
{[%clk 0:00:16]} 17. Qe2 {[%clk 0:01:07]} Bxf3 {[%clk 0:00:15]} 18. Nxf3
{[%clk 0:01:04]} Qd6 {[%clk 0:00:07]} 19. Rxc4 {[%clk 0:00:59]} b5
{[%clk 0:00:07]} 20. Rd4 {[%clk 0:00:56]} Qc7 {[%clk 0:00:07]} 21. Qe6+
{[%clk 0:00:54]} Kb8 {[%clk 0:00:08]} 22. g3 {[%clk 0:00:52]} Rxd4
{[%clk 0:00:08]} 23. Nxd4 {[%clk 0:00:54]} Rc8 {[%clk 0:00:08]} 24. Re1
{[%clk 0:00:50]} c5 {[%clk 0:00:08]} 25. Nxb5 {[%clk 0:00:50]} Qc6
{[%clk 0:00:07]} 26. Qxc6 {[%clk 0:00:47]} Rxc6 {[%clk 0:00:09]} 27. Re8+
{[%clk 0:00:44]} Kb7 {[%clk 0:00:09]} 28. Nc3 {[%clk 0:00:45]} Rc7
{[%clk 0:00:09]} 29. Nd5 {[%clk 0:00:46]} Rc6 {[%clk 0:00:10]} 30. Re7+
{[%clk 0:00:45]} Kc8 {[%clk 0:00:10]} 31. Rxa7 {[%clk 0:00:45]} Kb8
{[%clk 0:00:10]} 32. Rf7 {[%clk 0:00:44]} Rd6 {[%clk 0:00:11]} 33. Nxf6
{[%clk 0:00:45]} Rd1+ {[%clk 0:00:11]} 34. Kg2 {[%clk 0:00:46]} Rd2
{[%clk 0:00:12]} 35. Nd7+ {[%clk 0:00:36]} Kc8 {[%clk 0:00:12]} 36. Nxc5
{[%clk 0:00:33]} Rxc2 {[%clk 0:00:13]} 37. Na4 {[%clk 0:00:33]} Rc4
{[%clk 0:00:13]} 38. b3 {[%clk 0:00:34]} Rc2 {[%clk 0:00:14]} 39. a3
{[%clk 0:00:36]} Re2 {[%clk 0:00:14]} 40. b4 {[%clk 0:00:37]} Re4
{[%clk 0:00:15]} 41. Nc5 {[%clk 0:00:38]} Rc4 {[%clk 0:00:15]} 42. Rf4
{[%clk 0:00:34]} Rxf4 {[%clk 0:00:15]} 43. gxf4 {[%clk 0:00:36]} Kc7
{[%clk 0:00:16]} 44. a4 Kc6 45. a5 {[%clk 0:00:38]} Kb5 {[%clk 0:00:19]} 46. a6
{[%clk 0:00:39]} Kc6 {[%clk 0:00:20]} 47. a7 {[%clk 0:00:39]} Kb5
{[%clk 0:00:20]} 48. a8=Q {[%clk 0:00:39]} Kxb4 {[%clk 0:00:22]} 49. Qa4+
{[%clk 0:00:37]} Kxc5 {[%clk 0:00:22]} 50. Kf3 {[%clk 0:00:38]} Kd5
{[%clk 0:00:24]} 51. Qb5+ {[%clk 0:00:39]} Ke6 {[%clk 0:00:25]} 52. Qe5+
{[%clk 0:00:40]} Kf7 {[%clk 0:00:26]} 53. Qd6 {[%clk 0:00:41]} h5
{[%clk 0:00:26]} 54. Ke4 {[%clk 0:00:42]} h4 {[%clk 0:00:28]} 55. Kf5
{[%clk 0:00:43]} Kg7 {[%clk 0:00:29]} 56. Qg6+ {[%clk 0:00:44]} Kf8
{[%clk 0:00:30]} 57. Ke6 {[%clk 0:00:45]} h3 {[%clk 0:00:29]} 58. Qf7#
{[%clk 0:00:46]} 1-0

[Event "MPJBiS 2020"]
[Site "?"]
[Date "2020.08.30"]
[Round "9.7"]
[White "Krawczyk, Flawian"]
[Black "Skrzypinski, Jan"]
[Result "1-0"]
[BlackElo "1540"]
[WhiteElo "1639"]
[LiveChessVersion "1.4.8"]

1. e4 c5 2. Nf3 a6 3. c4 Nc6 4. Nc3 Nf6 5. Be2 e5 6. O-O d6 7. h3 Be6 8. d3 Be7
9. a3 h6 10. Rb1 Qa5 11. b4 cxb4 12. axb4 Nxb4 13. Bd2 Qb6 14. Na4 Qc6 15. Rxb4
b5 16. cxb5 axb5 17. Nc3 Rb8 18. Qb1 O-O 19. Rxb5 Rxb5 1-0